00454nam a2200181Ia 45000010005000000030005000050050017000100080041000270200030000680400009000980820013001071000023001202450018001432500018001612600038001793000042002175210013002593228322820250507120221.0210816s9999 xx 000 0 und d a9780796304391qHard cover c3228 aEKF HOUS a HOUSE, Catherine  0aLittle zebra  aFirst edition aWellington,bLUX VERBI BMc 2007  a29 PAGESbCOLOUR ILLUSTRATIONSc22 CM aJuvenile